• 首页
  • 本馆介绍
  • 公告通知
  • 最新文献
  • 馆藏检索
  • 电子资源
  • 读者导购
  • 参考咨询
  • 我的图书馆
  • 登录
  • 详细信息显示
  • 放入我的书架
  • 预约/预借图书
  • 作者相关作品
  • 分类相关作品
  • 丛书相关作品
  • 出版社相关作品

书目信息

  • 表格格式
  • 工作单格式
  • 卡片格式
题名:
颠覆且回归的圣陶教育
    
 
作者: 张立秋 编著
分册:  
出版信息: 北京   光明日报出版社  2022.03
页数: 185页
开本: 25cm
丛书名: 光明社科文库
单 册:
中图分类: G40-092.76
科图分类:
主题词: 教育思想--研究--中国--现代
电子资源:
ISBN: 978-7-5194-6493-6
000 01378nam0 2200253 450
001 012001000815
005 20141202083344.0
010    @a978-7-5194-6493-6@b精装@dCNY85.00
100    @a20220905d2022 em y0chiy50 ea
101 0  @achi
102    @aCN@b110000
105    @aa z 000yy
106    @ar
200 1  @a颠覆且回归的圣陶教育@Adian fu qie hui gui de sheng tao jiao yu@e王天民教育思想与实践@f张立秋编著
210    @a北京@c光明日报出版社@d2022.03
215    @a185页@c图@d25cm
225 1  @a光明社科文库
330    @a本书分为五个部分,第一部分介绍王天民和他的圣陶教育。第二部分记录了作者与教育界的校长、老师,和热爱关心教育的相关专家学者,公益界人士,企业家先后探访圣陶学校,王校长与各界人士分享圣陶教育思想,教育理念。王校长用心良苦诲人不倦的“车轱辘话”反复申说,从不同的视角,唯物与唯心;不同的时空,桃花源or教育小镇;不同的角色,学生与老师,根根手指都在指向他的教育之道。第三部分是研讨会上,王校长对于圣陶的教育思想给出正式完整的表达;同时有三家学习践行圣陶教育的学校分享了他们的丰盛成果,与会人员的互动依旧精彩,本书如实将研讨会的内容与成果呈现给各位读者。第四部分如实再现王校长课堂情景。第五部分三个典型案例是一个老师的成长和两个班级创造的历史。
606 0  @a教育思想@x研究@y中国@z现代
610 1  @a王天民(1940-)
690    @aG40-092.76@v5
701  0 @a张立秋@Azhang li qiu@4编著
801  0 @aCN@bAHXH@c20221111
905    @b1370014-8@dG40-092.76@e1309@f5
    
    颠覆且回归的圣陶教育:王天民教育思想与实践/张立秋编著.-北京:光明日报出版社,2022.03
    185页:图;25cm.-(光明社科文库)
    
    
    ISBN 978-7-5194-6493-6(精装):CNY85.00
    本书分为五个部分,第一部分介绍王天民和他的圣陶教育。第二部分记录了作者与教育界的校长、老师,和热爱关心教育的相关专家学者,公益界人士,企业家先后探访圣陶学校,王校长与各界人士分享圣陶教育思想,教育理念。王校长用心良苦诲人不倦的“车轱辘话”反复申说,从不同的视角,唯物与唯心;不同的时空,桃花源or教育小镇;不同的角色,学生与老师,根根手指都在指向他的教育之道。第三部分是研讨会上,王校长对于圣陶的教育思想给出正式完整的表达;同时有三家学习践行圣陶教育的学校分享了他们的丰盛成果,与会人员的互动依旧精彩,本书如实将研讨会的内容与成果呈现给各位读者。第四部分如实再现王校长课堂情景。第五部分三个典型案例是一个老师的成长和两个班级创造的历史。
●
相关链接 在E读中查询图书 在五车中查询图书 在当当中查询图书 在豆瓣中查询图书


正题名:颠覆且回归的圣陶教育     索取号:G40-092.76/1309         预约/预借

序号 登录号 条形码 馆藏地/架位号 状态 备注
1 1370014   213700146   第一样本阅览室/ [索取号:G40-092.76/1309] 在馆    
2 1370015   213700155   教育系资料室/ [索取号:G40-092.76/1309] 在馆    
3 1370016   213700164   教育系资料室/ [索取号:G40-092.76/1309] 在馆    
4 1370017   213700173   第四借阅区/ [索取号:G40-092.76/1309] 在馆    
5 1370018   213700182   第四借阅区/ [索取号:G40-092.76/1309] 在馆    
唐山师范学院图书馆 欢迎您!
大连网信软件有限公司© 版权所有